[Event "Cuiaba Contaud op"]
[Site "Cuiaba"]
[Date "2022.10.26"]
[Round "3"]
[White "Lima, Kleyton Alcantara"]
[Black "Do Amaral Vailant, Helena Ketheryne"]
[Result "1-0"]
[WhiteElo "2109"]
[BlackElo "1502"]
[PlyCount "50"]
[EventDate "2022.10.25"]
[EventType "swiss"]
[EventRounds "9"]
[EventCountry "BRA"]
[SourceTitle "EXT 2024"]
[Source "ChessBase"]
[SourceDate "2023.10.10"]
[SourceVersion "1"]
[SourceVersionDate "2023.10.10"]
[SourceQuality "1"]

1. e4 e5 2. Nf3 Nc6 3. Bb5 Bc5 4. c3 Nf6 5. d4 exd4 6. e5 Ng4 7. cxd4 Bb4+ 8. Nc3 0-0 9. 0-0 a6 10. Ba4 Be7 11. h3 Nh6 12. d5 Na7 13. Qd3 f5 14. exf6 Rxf6 15. Ne4 Rxf3 16. Qxf3 Nf7 17. Bc2 Ne5 18. Qh5 d6 19. Ng5 Bxg5 20. Qxh7+ Kf7 21. Qh5+ g6 22. Qh7+ Kf8 23. f4 Bf6 24. fxe5 dxe5 25. Qh6+ Ke8 1-0

[Event "Jatai Goias op"]
[Site "Jatai"]
[Date "2021.08.08"]
[Round "6"]
[White "Freitas, Mauricio Mathioli"]
[Black "Do Amaral Vailant, Helena Ketheryne"]
[Result "1-0"]
[WhiteElo "1418"]
[BlackElo "1411"]
[PlyCount "127"]
[EventDate "2021.08.06"]
[EventType "swiss"]
[EventRounds "6"]
[EventCountry "BRA"]
[SourceTitle "EXT 2022"]
[Source "ChessBase"]
[SourceDate "2021.10.06"]
[SourceVersion "1"]
[SourceVersionDate "2021.10.06"]
[SourceQuality "1"]

1. Nf3 f5 2. g3 Nf6 3. Bg2 g6 4. d4 Bg7 5. 0-0 0-0 6. c4 d6 7. Bg5 Qe8 8. Nc3 Na6 9. e3 c6 10. Qb3 Kh8 11. Bxf6 Rxf6 12. Rfe1 Nc7 13. e4 f4 14. e5 dxe5 15. dxe5 Rf8 16. Ne4 Qd7 17. Rad1 Qf5 18. Bh1 Ne6 19. c5 fxg3 20. hxg3 g5 21. Re2 Qg4 22. Ned2 h5 23. Bg2 h4 24. Re4 Qf5 25. Qe3 hxg3 26. fxg3 Kg8 27. Rf1 Qg6 28. Rg4 Qh5 29. Nh2 Rxf1+ 30. Ndxf1 Bh6 31. Qb3 Kf8 32. Rc4 Nc7 33. Rd4 Qf7 34. Rd8+ Kg7 35. Qxf7+ Kxf7 36. Ne3 Be6 37. Rxa8 Nxa8 38. b3 Nc7 39. Kf2 Na6 40. Be4 Nxc5 41. Bb1 Bg7 42. Nf3 Bh6 43. Nd4 Bd7 44. Nc4 Ne6 45. Nxe6 Kxe6 46. g4 Kd5 47. Kf3 Bg7 48. Be4+ Ke6 49. Bf5+ Kd5 50. Bxd7 e6 51. Nd6 Bxe5 52. Nxb7 Bc7 53. b4 e5 54. Nc5 a5 55. a3 axb4 56. axb4 Bd6 57. Be6+ Kd4 58. Ne4 Bxb4 59. Nxg5 c5 60. Ne4 c4 61. g5 Bf8 62. g6 c3 63. Bb3 Kd3 64. Nc5+ 1-0

[Event "BRA-ch U26 (Women)"]
[Site "Goiania"]
[Date "2017.10.22"]
[Round "7"]
[White "Da Costa, Andressa Soeiro"]
[Black "Do Amaral Vailant, Helena Ketheryne"]
[Result "0-1"]
[WhiteElo "1765"]
[BlackElo "1464"]
[PlyCount "64"]
[EventDate "2017.10.19"]
[EventType "swiss"]
[EventRounds "7"]
[EventCountry "BRA"]
[SourceTitle "CBM 181 Extra"]
[Source "ChessBase"]
[SourceDate "2017.12.12"]
[SourceVersion "1"]
[SourceVersionDate "2017.12.12"]
[SourceQuality "1"]

1. e4 e5 2. Nf3 Nc6 3. Bc4 Bc5 4. Nc3 Nf6 5. d3 0-0 6. Bg5 d6 7. Nd5 Be6 8. Nxf6+ gxf6 9. Bh6 Re8 10. Bxe6 fxe6 11. Nh4 Kf7 12. Qh5+ Ke7 13. Bf8+ Kd7 14. Qxh7+ Kc8 15. Ng6 Rxf8 16. Nxf8 Qxf8 17. g4 Nd4 18. 0-0-0 b5 19. c3 Nf3 20. Rhf1 Kb7 21. Qd7 a6 22. Qxe6 Re8 23. Qd5+ Ka7 24. Rh1 Qg8 25. Qc6 Re7 26. Kb1 Qxg4 27. Rc1 Bxf2 28. Rc2 Ng1 29. Rc1 Qg2 30. Rhxg1 Bxg1 31. a4 bxa4 32. Qxd6 cxd6 0-1

[Event "BRA-ch U26 (Women)"]
[Site "Goiania"]
[Date "2017.10.20"]
[Round "2"]
[White "Do Amaral Vailant, Helena Ketheryne"]
[Black "Simoes, Teresa Luenysten Da"]
[Result "1-0"]
[WhiteElo "1464"]
[BlackElo "1697"]
[PlyCount "105"]
[EventDate "2017.10.19"]
[EventType "swiss"]
[EventRounds "7"]
[EventCountry "BRA"]
[SourceTitle "CBM 181 Extra"]
[Source "ChessBase"]
[SourceDate "2017.12.12"]
[SourceVersion "1"]
[SourceVersionDate "2017.12.12"]
[SourceQuality "1"]

1. d4 g6 2. Nf3 Nf6 3. e3 Bg7 4. Bd3 0-0 5. 0-0 d6 6. Nbd2 Nbd7 7. Rb1 c5 8. c3 Qa5 9. a3 Qc7 10. Ng5 d5 11. e4 dxe4 12. Ndxe4 Nxe4 13. Bxe4 Nf6 14. Bf3 cxd4 15. Qxd4 Nh5 16. Qe3 Nf6 17. Rd1 Bg4 18. Ne4 Bxf3 19. Nxf6+ Bxf6 20. Qxf3 Bg7 21. Be3 Be5 22. g3 b6 23. Bd4 Bxd4 24. Rxd4 Rac8 25. Rbd1 Rfd8 26. Qe3 e6 27. Kg2 Qc6+ 28. Qf3 Qxf3+ 29. Kxf3 Rxd4 30. Rxd4 Rc7 31. h4 Kg7 32. g4 Kh6 33. Ke4 f5+ 34. Ke5 fxg4 35. Rxg4 Rc6 36. Kd4 Kg7 37. f3 Kf6 38. Rf4+ Ke7 39. Ke3 a5 40. Re4 Rc5 41. Kf4 h6 42. Kg4 Rd5 43. Rd4 Rxd4+ 44. cxd4 Kf6 45. f4 h5+ 46. Kg3 Kf5 47. Kf3 b5 48. b3 a4 49. b4 Kf6 50. Ke4 Ke7 51. Ke5 Kf7 52. d5 exd5 53. Kxd5 1-0

[Event "BRA-ch U26 (Women)"]
[Site "Goiania"]
[Date "2017.10.19"]
[Round "1"]
[White "Librelato, Kathie Goulart"]
[Black "Do Amaral Vailant, Helena Ketheryne"]
[Result "1-0"]
[WhiteElo "2082"]
[BlackElo "1464"]
[PlyCount "87"]
[EventDate "2017.10.19"]
[EventType "swiss"]
[EventRounds "7"]
[EventCountry "BRA"]
[SourceTitle "CBM 181 Extra"]
[Source "ChessBase"]
[SourceDate "2017.12.12"]
[SourceVersion "1"]
[SourceVersionDate "2017.12.12"]
[SourceQuality "1"]

1. e4 e5 2. Nf3 Nc6 3. Bb5 d6 4. d4 Bd7 5. Nc3 a6 6. Bxc6 Bxc6 7. dxe5 dxe5 8. Qxd8+ Rxd8 9. Nxe5 Ne7 10. Bf4 Rc8 11. 0-0-0 f6 12. Nxc6 Nxc6 13. Rd5 Be7 14. Rhd1 g5 15. Bg3 h5 16. h4 gxh4 17. Bxh4 Ne5 18. Ne2 Kf7 19. Ng3 c6 20. R5d2 Ng6 21. Nf5 Rcd8 22. Rd7 Rxd7 23. Rxd7 Rb8 24. Bg3 Ke6 25. Rxe7+ Nxe7 26. Bxb8 Nxf5 27. exf5+ Kxf5 28. Kd2 Ke4 29. f3+ Kd5 30. Ke3 Ke6 31. Kf4 b5 32. b4 Kd5 33. Kf5 Kc4 34. Bd6 Kc3 35. Kxf6 Kxc2 36. Ke5 Kd3 37. f4 Ke2 38. f5 Kf2 39. f6 Kxg2 40. f7 h4 41. f8Q h3 42. Ke4 h2 43. Qf3+ Kg1 44. Bc5# 1-0

[Event "Cuiaba Contaud op"]
[Site "Cuiaba"]
[Date "2017.07.30"]
[Round "5"]
[White "Do Amaral Vailant, Helena Ketheryne"]
[Black "Leite, Coraci de Jesus"]
[Result "1/2-1/2"]
[WhiteElo "1440"]
[BlackElo "1787"]
[PlyCount "135"]
[EventDate "2017.07.28"]
[EventType "swiss"]
[EventRounds "6"]
[EventCountry "BRA"]
[SourceTitle "EXT 2018"]
[Source "ChessBase"]
[SourceDate "2017.10.13"]
[SourceVersion "1"]
[SourceVersionDate "2017.10.13"]
[SourceQuality "1"]

1. e4 d5 2. exd5 Qxd5 3. Nc3 Qa5 4. Nf3 Bg4 5. Be2 e6 6. d3 c6 7. Bd2 Qc7 8. h3 Bh5 9. g4 Bg6 10. Nh4 Nd7 11. Nxg6 hxg6 12. Bf3 Ngf6 13. Qe2 0-0-0 14. 0-0-0 Nb6 15. Ne4 Nxe4 16. Qxe4 Bd6 17. Kb1 Nd5 18. Qa4 Kb8 19. Bxd5 exd5 20. Be3 b6 21. Qb3 Bf4 22. Bd4 f6 23. a4 c5 24. Be3 Bxe3 25. fxe3 Qg3 26. Rde1 Rxh3 27. Rhg1 Qd6 28. a5 Re8 29. e4 c4 30. Qb5 Rc8 31. dxc4 dxc4 32. Rd1 Qc6 33. Qxc6 Rxc6 34. Rd7 Rc7 35. Rd8+ Kb7 36. axb6 axb6 37. g5 Kc6 38. Kc1 Rf3 39. gxf6 Rxf6 40. Rd5 Re7 41. e5 Kxd5 42. exf6 gxf6 43. Rxg6 Ke5 44. Kd2 Kf5 45. Rg3 Kf4 46. Rg6 Re6 47. Kc3 Kf5 48. Rg1 b5 49. b3 Re4 50. Kb4 cxb3+ 51. Kxb3 Ke5 52. Kc3 Kd5 53. Rf1 Ke5 54. Rb1 Rc4+ 55. Kd3 Rc5 56. Re1+ Kf5 57. c3 Kg6 58. Rg1+ Kf7 59. Rb1 Ke6 60. Kd4 Rd5+ 61. Ke4 f5+ 62. Kf4 Kf6 63. Rb2 Rc5 64. Rb3 Rc4+ 65. Ke3 Kg5 66. Kd3 Rc5 67. Kd4 Rc4+ 68. Kd3 1/2-1/2

[Event "Brasilia IRT de Ferias"]
[Site "Brasilia"]
[Date "2016.07.15"]
[Round "1.5"]
[White "Do Amaral Vailant, Helena Ketheryne"]
[Black "Maciel, Diogo Alves"]
[Result "0-1"]
[WhiteElo "1353"]
[BlackElo "1906"]
[PlyCount "130"]
[EventDate "2016.07.15"]
[EventType "swiss"]
[EventRounds "6"]
[EventCountry "BRA"]
[SourceTitle "EXT 2022"]
[Source "ChessBase"]
[SourceDate "2021.10.06"]
[SourceVersion "1"]
[SourceVersionDate "2021.10.06"]
[SourceQuality "1"]

1. e4 c6 2. d4 d5 3. e5 Bf5 4. Nc3 e6 5. Nf3 Nd7 6. Bf4 Qb6 7. Rb1 h6 8. Bd3 Bxd3 9. Qxd3 Ne7 10. 0-0 g5 11. Bg3 Nf5 12. Ne2 Be7 13. Nd2 h5 14. h3 0-0-0 15. c3 Rdg8 16. Bh2 h4 17. f3 Kd8 18. Rf2 Ke8 19. Nf1 Qa5 20. a3 Qb5 21. Qxb5 cxb5 22. b4 Nb6 23. Nc1 Na4 24. Na2 Kd7 25. Re1 Rc8 26. Rc2 Nxd4 27. Rd2 Nf5 28. Ne3 Nxe3 29. Rxe3 Rc4 30. Rd4 Rxd4 31. cxd4 Rc8 32. Re2 Nc3 33. Nxc3 Rxc3 34. Ra2 Rd3 35. Kf2 Rxd4 36. Ke3 Rc4 37. g4 b6 38. Kd3 a5 39. Bg1 Kc6 40. Rc2 axb4 41. axb4 Rxc2 42. Kxc2 Bxb4 43. Be3 Be7 44. Kb3 f6 45. Bd4 Bc5 46. Bb2 fxe5 47. Bxe5 Be3 48. Kc3 Bf4 49. Bf6 e5 50. Be7 e4 51. fxe4 dxe4 52. Kd4 e3 53. Bb4 Bd6 54. Be1 Bc5+ 55. Kc3 Kd5 56. Kd3 b4 57. Bxb4 Bxb4 58. Kxe3 Bd2+ 59. Kxd2 Kc4 60. Kc2 Kb4 61. Kb2 b5 62. Kc2 Ka3 63. Kb1 Kb3 64. Kc1 Ka2 65. Kc2 b4 0-1